000 00518cam a2200169 4500500
005 20260405002259.0
041 _afre
042 _adc
100 1 0 _aManiglier, Patrice
_eauthor
245 0 0 _aAprès nous le déluge
260 _c2016.
500 _a100
690 _aPeter Sloterdijk
690 _aRévolution
786 0 _nPhilosophie magazine | 103 | 10 | 2016-10-01 | p. 48-48 | 1951-1787
856 4 1 _uhttps://shs.cairn.info/magazine-philosophie-magazine-2016-10-page-48?lang=fr&redirect-ssocas=7080
999 _c2056216
_d2056216